000 00569nam a2200241Ia 4500
003 OSt
005 20220912151944.0
006 a|||||r|||| 00| 0
007 ta
008 220909b |||||||| |||| 00| 0 eng d
024 _a63905
037 _cTextual
040 _aCSL
_beng
_cCSL
041 _aeng
082 _aA, K33
100 _aDe Solla Price Derek J
245 0 _aLittle science, big science
260 _c1963
300 _ap.
_ccm.
650 _aScience
942 _hA, K33
_cTEXL
_2CC
999 _c77950
_d77950